000 01223nam a2200229Ia 4500
001 L250-16370
003 IT-CnALBA
008 170116s9999||||xx |||||||||||||| ||und||
040 _aIT-CnALBA
_cIT-CnALBA
041 _aITALIANO
100 _aMAZZOLI ALEARDO
245 0 _aLA PASTORALE NELLA PARROCCHIA MODERNA.
250 _a2a ed.
260 _a BRESCIA
_bQUERINIANA EDIT. LIBR. VESC.
_c1968 [1° Ed.:1965 - Ed.Ling.Originale: 1965]
300 _a445 p. (prefazione: 5)
500 _aORIGINE E SVILUPPO DELLA PARROCCHIA. ASPETTO GIURIDICO. OPINIONI PRIMA DEL VATICANO II. URBANESIMO. SOCIOLOGIA. I QUARTIERI. COMUNITÀ UMANA E CRISTIANA. TOLOGIA DEI DECRETI CONCILIARI. CENTRO DI VITA LITURGICA. PASTORALE DEI SACRAMENTI. COMUNITÀ MISSIONAR
501 _aSocietà San Paolo EM - Piazza San Paolo, 14 - 12051 ALBA (CN) (non commercial uses only) ® Copyright 2017
520 _aORIGINE E SVILUPPO DELLA PARROCCHIA. ASPETTO GIURIDICO. OPINIONI PRIMA DEL VATICANO II. URBANESIMO. SOCIOLOGIA. I QUARTIERI. COMUNITÀ UMANA E CRISTIANA. TOLOGIA DEI DECRETI CONCILIARI. CENTRO DI VITA LITURGICA. PASTORALE DEI SACRAMENTI. COMUNITÀ MISSIONAR
650 _aTEOLOGIA PASTORALE
942 _cBK
957 _71
999 _a21118
_bNO
_g Copie: 1
_c275532
_d275532